|
|
|
|
| LEADER |
00000cam a2200000 a 4500 |
| 001 |
vtls008366368 |
| 003 |
SK-MaSNL |
| 005 |
20260301140409.0 |
| 008 |
251104s1951 xo g 000 f slo |
| 015 |
|
|
|a SNBA19451955-001294
|
| 035 |
|
|
|a SK01SNKBKSFS20010058585
|
| 035 |
|
|
|a urn:nbn:sk:snk-am3i591
|
| 035 |
|
|
|a 5BF31F47-EF84-4276-83C0-36220FDF5428
|
| 035 |
|
|
|a urn:nbn:sk:snk-am00dkjo
|
| 035 |
|
|
|a SKM000061048
|
| 040 |
|
|
|a SNK
|b slo
|c SNK
|e AACR2
|
| 041 |
1 |
|
|a slo
|h rus
|
| 044 |
|
|
|a xo
|c SK
|
| 080 |
|
|
|a 895.1-3
|2 1981
|
| 100 |
1 |
|
|a Cao Min
|4 aut
|9 493024
|
| 240 |
1 |
0 |
|a Dvižuščaja sila
|l Slovensky
|
| 245 |
1 |
0 |
|a Energia
|c Cao Min ; (z ruš. prel. Magda Takáčová)
|
| 260 |
|
|
|a Bratislava
|b Tatran
|c 1951
|e Martin
|f Neografia
|
| 300 |
|
|
|a 144, [2] s.
|c 21 cm
|
| 366 |
|
|
|e 5500 výtl.
|
| 490 |
1 |
|
|a Prameň
|
| 655 |
|
7 |
|a čínske poviedky
|2 SNKPH
|9 119131
|
| 700 |
1 |
|
|a Takáčová, Magda,
|d 1924-2018
|4 trl
|9 179503
|
| 700 |
1 |
|
|a Považan, Michal,
|d 1913-1952
|4 red
|9 113479
|
| 700 |
1 |
|
|a Piatkin, D.
|4 bjd
|9 493025
|
| 830 |
|
0 |
|a Prameň
|9 280290
|
| 852 |
|
|
|a Slovenská národná knižnica
|
| 954 |
|
|
|a beletria cudzojazyčná (svetová)
|2 lita
|
| 958 |
|
|
|a EUIPO
|
| 958 |
|
|
|a OND
|
| 958 |
|
|
|a RK
|
| 958 |
|
|
|a TL
|
| 958 |
|
|
|a LX
|
| 958 |
|
|
|a UP
|
| 999 |
|
|
|c 763526
|d 765456
|
| 952 |
|
|
|a SNK
|b SNK
|y PREZ
|7 0
|p 17A0767859
|o snkSC 4638
|i snk713/52
|0 0
|1 0
|4 0
|d 2019-01-17
|f 1
|l 0
|r 2025-06-25 00:00:00
|w 2026-02-24
|